书目信息 |
| 题名: |
精细化学品的催化合成
|
|
| 作者: | 科热夫尼科夫, 著 ;唐培堃 , 李祥高 , 王世荣 译 | |
| 分册: | ||
| 出版信息: | 北京 化学工业出版社 2005.04 |
|
| 页数: | 228页 | |
| 开本: | 21cm | |
| 丛书名: | ||
| 单 册: | ||
| 中图分类: | O641.4 | |
| 科图分类: | ||
| 主题词: | 多酸--化合物 | |
| 电子资源: | ||
| ISBN: | 7-5025-6666-X | |
| 000 | 01192nam0 2200301 450 | |
| 001 | 010242875875 | |
| 005 | 20050925155937.62 | |
| 010 | @a7-5025-6666-X@dCNY20.00 | |
| 100 | @a20050529d2005 km y0chiy0120 ea | |
| 101 | 1 | @achi@crus |
| 102 | @aCN@b110000 | |
| 105 | @aa a 000yy | |
| 200 | 1 | @a精细化学品的催化合成@Ajing xi hua xue pin de cui hua he cheng@e多酸化合物及其催化@f(俄) 伊万·科热夫尼科夫著@F(e)yi wan·ke re fu ni ke fu zhu@g唐培堃, 李祥高, 王世荣译@Gtang pei kun,li xiang gao,wang shi rong yi |
| 210 | @a北京@c化学工业出版社@d2005.04 | |
| 215 | @a228页@c图@d21cm | |
| 312 | @a并列题名取之版权页。 | |
| 320 | @a有书目。 | |
| 330 | @a本书主要叙述了多酸化合物的性质、合成及其在催化领域中的最新发展概况,重点是酸催化和选择性催化氧化。 | |
| 510 | 1 | @aCatalysis by Polyoxometalates@zeng |
| 517 | 1 | @a多酸化合物及其催化@Aduo suan hua he wu ji qi cui hua |
| 606 | 0 | @a多酸@x化合物 |
| 690 | @aO641.4@v4 | |
| 701 | 1 | @a科热夫尼科夫,@Ake re fu ni ke fu,@bI.V.@g(Kozhecnikov, I.V.)@4著 |
| 702 | 0 | @a唐培堃@Atang pei kun@4译 |
| 702 | 0 | @a李祥高@Ali xiang gao@4译 |
| 702 | 0 | @a王世荣@Awang shi rong@4译 |
| 801 | 0 | @aCN@bbQSSK@c20050925 |
| 905 | @a10447@dO641.4@eK511 | |
| 精细化学品的催化合成:多酸化合物及其催化/(俄) 伊万·科热夫尼科夫著/唐培堃, 李祥高, 王世荣译.-北京:化学工业出版社,2005.04 |
| 228页:图;21cm |
| ISBN 7-5025-6666-X:CNY20.00 |
| 本书主要叙述了多酸化合物的性质、合成及其在催化领域中的最新发展概况,重点是酸催化和选择性催化氧化。 |
| ● |
| 相关链接 |
|
|
|
正题名:精细化学品的催化合成
索取号:O641.4/K511
 
预约/预借
| 序号 | 登录号 | 条形码 | 馆藏地/架位号 | 状态 | 备注 |
| 1 | 570996 | 205709964 | 自科库401/401自科库 64排4列3层/ [索取号:O641.4/K511] | 在馆 | |
| 2 | 570997 | 205709973 | 自科库401/401自科库 64排4列3层/ [索取号:O641.4/K511] | 在馆 |